000
00266nam a2200097Ia 4500
001
1138605
005
20250827005248.0
008
250824s9999 xx 000 0 und d
245
0
_a
DAMDAN DÜŞEN PSİKOLOG
_c
DOĞAN CÜCELOĞLU
260
_b
REMZİ KİTABEVİ YAYINLARI
999
_c
1138605
_d
1138605